হিমু এবং রাশিয়ান পরী / (Record no. 5877)
[ view plain ]
| 000 -LEADER | |
|---|---|
| fixed length control field | 00649nam a22001817a 4500 |
| 003 - CONTROL NUMBER IDENTIFIER | |
| control field | BUBTL |
| 008 - FIXED-LENGTH DATA ELEMENTS--GENERAL INFORMATION | |
| fixed length control field | 190225b xxu||||| |||| 00| 0 eng d |
| 020 ## - INTERNATIONAL STANDARD BOOK NUMBER | |
| International Standard Book Number | 978-984-8933-60-2 |
| 082 ## - DEWEY DECIMAL CLASSIFICATION NUMBER | |
| Classification number | 891.443/AHH |
| 100 ## - MAIN ENTRY--PERSONAL NAME | |
| 9 (RLIN) | 1697 |
| Personal name | আহমেদ,হুমায়ূন |
| 245 ## - TITLE STATEMENT | |
| Title | হিমু এবং রাশিয়ান পরী / |
| Statement of responsibility, etc. | হুমায়ূন আহমেদ |
| 260 ## - PUBLICATION, DISTRIBUTION, ETC. (IMPRINT) | |
| Place of publication, distribution, etc. | ঢাকা: |
| Name of publisher, distributor, etc. | জ্ঞান কোষ প্রকাশনী, |
| Date of publication, distribution, etc. | c-2011 |
| 300 ## - PHYSICAL DESCRIPTION | |
| Extent | 94 p.: |
| Dimensions | ;22 cm |
| 650 #0 - SUBJECT ADDED ENTRY--TOPICAL TERM | |
| 9 (RLIN) | 1689 |
| Topical term or geographic name as entry element | বাংলা সাহিত্য |
| 856 ## - ELECTRONIC LOCATION AND ACCESS | |
| Password | 0 |
| Logon | 0 |
| Link text | Download |
| 942 ## - ADDED ENTRY ELEMENTS (KOHA) | |
| Source of classification or shelving scheme | |
| Koha item type | Books |
| Withdrawn status | Lost status | Source of classification or shelving scheme | Damaged status | Not for loan | Collection code | Permanent location | Current location | Shelving location | Date acquired | Inventory number | Total Checkouts | Total Renewals | Full call number | Barcode | Date last seen | Date last checked out | Copy number | Price effective from | Koha item type |
|---|---|---|---|---|---|---|---|---|---|---|---|---|---|---|---|---|---|---|---|
| Fiction | Bangladesh University of Business and Technology Library | Bangladesh University of Business and Technology Library | Fiction | 02/25/2019 | 22554 | 12 | 5 | 891.443/AHH | BUBTL-200322554 | 03/27/2024 | 03/11/2024 | C-1 | 02/25/2019 | Books |
